[Event "19th Open A"]
[Site "Zadar"]
[Date "2012.12.17"]
[Round "3.10"]
[White "Rezan, Sasa"]
[Black "Videnova, Iva"]
[Result "1-0"]
[WhiteElo "2436"]
[BlackElo "2336"]
[PlyCount "83"]
[EventDate "2012.12.16"]
[EventRounds "9"]
[EventCountry "CRO"]
[Source "crochess.com"]
[SourceDate "2012.12.22"]

1. Nf3 Nf6 2. b3 g6 3. Bb2 Bg7 4. e3 d6 5. c4 e5 6. Be2 O-O 7. O-O Nc6 8. Nc3
Re8 9. d3 Ng4 10. Qd2 f5 11. Nd5 Be6 12. Ne1 h5 13. d4 exd4 14. exd4 Bxd5 15.
cxd5 Bh6 16. Qc2 Ne7 17. Bf3 Nf6 18. Bc1 Bxc1 19. Qxc1 Kg7 20. Qc4 Nc8 21. b4
Nb6 22. Qb3 a5 23. bxa5 Rxa5 24. Nd3 g5 25. g3 Qd7 26. Rac1 Rea8 27. h4 g4 28.
Nf4 Ra3 29. Qb1 Kg8 30. Bg2 Re8 31. Rfe1 Rxe1+ 32. Rxe1 Ra5 33. Re6 Nbxd5 34.
Bxd5 Nxd5 35. Qxf5 Nxf4 36. Rg6+ Nxg6 37. Qxd7 d5 38. Qd8+ Nf8 39. Qg5+ Kf7 40.
Qxh5+ Ke7 41. Qxg4 Rxa2 42. Qg7+ 1-0

[Event "19th Open A"]
[Site "Zadar"]
[Date "2012.12.17"]
[Round "3.11"]
[White "Vlahov, Davor"]
[Black "Kreisl, Robert"]
[Result "1/2-1/2"]
[WhiteElo "2228"]
[BlackElo "2419"]
[PlyCount "69"]
[EventDate "2012.12.16"]
[EventRounds "9"]
[EventCountry "CRO"]
[Source "crochess.com"]
[SourceDate "2012.12.22"]

1. Nf3 d5 2. d4 Nf6 3. Bf4 c5 4. dxc5 e6 5. e3 Bxc5 6. Nbd2 Nc6 7. Be2 O-O 8.
O-O Qe7 9. Nb3 Bb6 10. Nbd4 Bd7 11. Nxc6 Bxc6 12. Ne5 Rac8 13. Nxc6 Rxc6 14. c3
h6 15. Bd3 Rd8 16. Qe2 Bc7 17. Bxc7 Qxc7 18. Rfd1 g6 19. Rd2 Kg7 20. Rad1 Rcd6
21. h3 Qa5 22. Bb1 Qb6 23. a3 Qc6 24. Bd3 a6 25. Bb1 b5 26. Bc2 R6d7 27. a4 Qc4
28. axb5 Qxe2 29. Rxe2 axb5 30. Rd4 Ne8 31. Rb4 Nd6 32. Bd3 Ra7 33. e4 dxe4 34.
Bxe4 Nxe4 35. Rexe4 1/2-1/2

[Event "19th Open A"]
[Site "Zadar"]
[Date "2012.12.17"]
[Round "3.13"]
[White "Biliskov, Vjekoslav"]
[Black "Schachinger, Mario"]
[Result "1/2-1/2"]
[WhiteElo "2332"]
[BlackElo "2426"]
[PlyCount "78"]
[EventDate "2012.12.16"]
[EventRounds "9"]
[EventCountry "CRO"]
[Source "crochess.com"]
[SourceDate "2012.12.22"]

1. e4 c6 2. d4 d5 3. f3 dxe4 4. fxe4 e5 5. Nf3 Bg4 6. Bc4 Nd7 7. c3 Ngf6 8. O-O
Bd6 9. Qe1 O-O 10. Qh4 Qb6 11. Nbd2 exd4 12. Nxd4 Be5 13. N2b3 Be6 14. Bxe6
fxe6 15. Be3 c5 16. Nf3 Qc7 17. Qh3 Rae8 18. Nxe5 Qxe5 19. Bf4 Qxe4 20. Bd6 Rf7
21. Nxc5 Nxc5 22. Bxc5 Qc6 23. Be3 b5 24. Qh4 Qc4 25. Qg5 e5 26. Bxa7 Rxa7 27.
Rxf6 Rxa2 28. Raf1 Ra7 29. Qe3 Rc7 30. Rd6 b4 31. cxb4 Rb7 32. b3 Qb5 33. Qc5
h6 34. Qxb5 Rxb5 35. Rd7 Rxb4 36. Rff7 Rg4 37. Rfe7 Rxe7 38. Rxe7 Rb4 39. Rxe5
Rxb3 1/2-1/2

[Event "19th Open A"]
[Site "Zadar"]
[Date "2012.12.17"]
[Round "3.14"]
[White "Jakic, Ivan"]
[Black "Paljusaj, Edmond"]
[Result "1-0"]
[WhiteElo "2415"]
[BlackElo "2323"]
[PlyCount "149"]
[EventDate "2012.12.16"]
[EventRounds "9"]
[EventCountry "CRO"]
[Source "crochess.com"]
[SourceDate "2012.12.22"]

1. e4 c5 2. Nf3 e6 3. d4 cxd4 4. Nxd4 a6 5. Bd3 Bc5 6. Nb3 Ba7 7. Qe2 Nc6 8.
Be3 Nge7 9. c4 Bxe3 10. Qxe3 Nb4 11. Nc3 d5 12. exd5 exd5 13. cxd5 Nbxd5 14.
Nxd5 Qxd5 15. O-O Qe6 16. Rfe1 Qxe3 17. Rxe3 Be6 18. Nc5 O-O-O 19. Nxe6 fxe6
20. Rxe6 Rxd3 21. Rxe7 Rd7 22. Rc1+ Kd8 23. Rxd7+ Kxd7 24. f4 Rf8 25. Rc4 b5
26. Rd4+ Ke6 27. Kf2 Rc8 28. Ke3 Rc2 29. Rd2 Rc4 30. b3 Rc1 31. g4 g6 32. Re2
Rf1 33. Ke4 Rg1 34. Kf3+ Kf7 35. Rc2 Rf1+ 36. Ke3 Re1+ 37. Kf2 Ra1 38. Kg3 a5
39. Kh4 h6 40. h3 Rf1 41. Kg3 Rg1+ 42. Kf2 Rh1 43. Kg2 Ra1 44. Rd2 a4 45. bxa4
bxa4 46. Kg3 Rc1 47. Rd7+ Kf6 48. Rd6+ Kf7 49. Rd3 Rc2 50. a3 Rb2 51. Kf3 Ke6
52. Ke4 Re2+ 53. Re3 Rf2 54. Rc3 Re2+ 55. Kd4 Rf2 56. Ke3 Rh2 57. Kd4 Rf2 58.
Re3+ Kf6 59. Ke4 Ke6 60. Rf3 Rd2 61. g5 h5 62. Rc3 Re2+ 63. Kf3 Rh2 64. Re3+
Kf7 65. Ke4 Rd2 66. Ke5 Ra2 67. h4 Ra1 68. f5 gxf5 69. Kxf5 Rf1+ 70. Ke5 Ra1
71. Rf3+ Kg7 72. Kd5 Ra2 73. Kc5 Rc2+ 74. Kb5 Rg2 75. Rf4 1-0

[Event "19th Open A"]
[Site "Zadar"]
[Date "2012.12.17"]
[Round "3.15"]
[White "Jakovljevic, Vlado"]
[Black "Veleski, Robert"]
[Result "1-0"]
[WhiteElo "2404"]
[BlackElo "2311"]
[PlyCount "115"]
[EventDate "2012.12.16"]
[EventRounds "9"]
[EventCountry "CRO"]
[Source "crochess.com"]
[SourceDate "2012.12.22"]

1. Nf3 Nf6 2. c4 g6 3. d4 Bg7 4. g3 d5 5. cxd5 Nxd5 6. Bg2 Nb6 7. Nc3 O-O 8.
O-O Nc6 9. d5 Na5 10. e4 c6 11. Bf4 Nac4 12. Qe2 e5 13. Bg5 f6 14. Bc1 cxd5 15.
Nxd5 Be6 16. Rd1 Bxd5 17. Rxd5 Qc7 18. Rd3 Rfd8 19. Rc3 Qf7 20. Bh3 Bf8 21. b3
Na5 22. Bb2 Nc6 23. Rac1 Bb4 24. R3c2 Qe7 25. Bg4 Ba3 26. h4 Bxb2 27. Rxb2 Rd6
28. Rbc2 Rad8 29. h5 Nd7 30. hxg6 hxg6 31. Qe3 Nf8 32. Kg2 Rd3 33. Qh6 Qh7 34.
Qxh7+ Kxh7 35. Rc5 a6 36. R1c4 R3d6 37. b4 Nd7 38. Bxd7 R8xd7 39. b5 Na5 40.
Rb4 Rb6 41. g4 Rxb5 42. Rbxb5 axb5 43. g5 Nc6 44. gxf6 Rd6 45. Ng5+ Kg8 46. f7+
Kg7 47. Rxb5 Nd8 48. Rxe5 Nxf7 49. Re7 Kf6 50. Nxf7 Kxe7 51. Nxd6 Kxd6 52. f4
Kc5 53. Kf3 b5 54. e5 Kd5 55. Kg4 Ke6 56. Kg5 Kf7 57. a3 Kg7 58. e6 1-0

[Event "19th Open A"]
[Site "Zadar"]
[Date "2012.12.17"]
[Round "3.16"]
[White "Piskur, Mitja"]
[Black "Ciganovic, Nikola"]
[Result "0-1"]
[WhiteElo "2322"]
[BlackElo "2303"]
[PlyCount "96"]
[EventDate "2012.12.16"]
[EventRounds "9"]
[EventCountry "CRO"]
[Source "crochess.com"]
[SourceDate "2012.12.22"]

1. e4 e5 2. Nf3 Nc6 3. Nc3 Nf6 4. Bb5 Nd4 5. Nxd4 exd4 6. e5 dxc3 7. exf6 Qxf6
8. dxc3 c6 9. Bd3 d5 10. O-O Be6 11. Be3 Bd6 12. Qd2 h6 13. f4 O-O 14. Qf2 Bf5
15. Rad1 b6 16. a4 Rfe8 17. Bd4 Qg6 18. b4 Be4 19. Qg3 Qxg3 20. hxg3 Bxd3 21.
Rxd3 Re2 22. Rf2 Rae8 23. Rxe2 Rxe2 24. Bf2 Rxc2 25. b5 cxb5 26. axb5 Rc1+ 27.
Kh2 Bf8 28. g4 f6 29. Bg3 Bc5 30. g5 hxg5 31. fxg5 fxg5 32. Kh3 Rb1 33. Kg4
Rxb5 34. Rxd5 a5 35. Be5 Kf7 36. Kf5 g6+ 37. Ke4 Rb2 38. Rd3 Ke6 39. Bg7 Rxg2
40. Kf3 Rg1 41. c4 g4+ 42. Kf4 a4 43. Rd2 a3 44. Re2+ Kd7 45. Rd2+ Kc6 46. Re2
g3 47. Re6+ Kb7 48. Re2 Ka6 0-1

[Event "19th Open A"]
[Site "Zadar"]
[Date "2012.12.18"]
[Round "4.2"]
[White "Kozul, Zdenko"]
[Black "Kadric, Denis"]
[Result "1-0"]
[WhiteElo "2638"]
[BlackElo "2458"]
[PlyCount "93"]
[EventDate "2012.12.16"]
[EventRounds "9"]
[EventCountry "CRO"]
[Source "crochess.com"]
[SourceDate "2012.12.22"]

1. d4 d6 2. Nf3 g6 3. c4 Bg7 4. Nc3 e5 5. dxe5 dxe5 6. Qxd8+ Kxd8 7. Bd2 Be6 8.
O-O-O Nd7 9. e3 f6 10. Rg1 Nh6 11. Ne4 Nf7 12. Bc3 Ke7 13. g4 b6 14. Nfd2 Rhg8
15. Be2 Bh8 16. Ng3 Nd6 17. b3 f5 18. gxf5 gxf5 19. Kc2 a5 20. f4 e4 21. Nb1
Bxc3 22. Nxc3 c6 23. Rd4 Nc5 24. Rgd1 Rad8 25. a3 b5 26. b4 axb4 27. axb4 Nd3
28. cxb5 Nc4 29. Nxf5+ Kf6 30. Nxe4+ Kxf5 31. Rxd8 Na3+ 32. Kxd3 Rxd8+ 33. Kc3
Nxb5+ 34. Kb2 Ra8 35. Ng3+ Kf6 36. Bxb5 Ra2+ 37. Kc3 cxb5 38. Rd6 Ke7 39. Rd2
Ra3+ 40. Kd4 Bc4 41. e4 Kd6 42. e5+ Kc6 43. f5 Rb3 44. e6 Rxb4 45. Ke5 Rb1 46.
f6 Re1+ 47. Ne4 1-0

[Event "19th Open A"]
[Site "Zadar"]
[Date "2012.12.18"]
[Round "4.3"]
[White "Jovanic, Ognjen"]
[Black "Saric, Ante"]
[Result "1/2-1/2"]
[WhiteElo "2583"]
[BlackElo "2533"]
[PlyCount "25"]
[EventDate "2012.12.16"]
[EventRounds "9"]
[EventCountry "CRO"]
[Source "crochess.com"]
[SourceDate "2012.12.22"]

1. d4 Nf6 2. Nf3 e6 3. Bg5 c5 4. c3 d5 5. e3 h6 6. Bh4 Nbd7 7. Nbd2 Be7 8. Be2
O-O 9. O-O b6 10. a3 Bb7 11. b4 cxd4 12. cxd4 Ne4 13. Bxe7 1/2-1/2

[Event "19th Open A"]
[Site "Zadar"]
[Date "2012.12.18"]
[Round "4.5"]
[White "Dizdarevic, Emir"]
[Black "Stevic, Hrvoje"]
[Result "1/2-1/2"]
[WhiteElo "2502"]
[BlackElo "2622"]
[PlyCount "69"]
[EventDate "2012.12.16"]
[EventRounds "9"]
[EventCountry "CRO"]
[Source "crochess.com"]
[SourceDate "2012.12.22"]

1. Nf3 c5 2. c4 g6 3. Nc3 Bg7 4. g3 Nc6 5. Bg2 e5 6. d3 Nge7 7. Nd2 d6 8. Nf1
h5 9. h4 O-O 10. Ne3 f5 11. Ned5 f4 12. gxf4 Nf5 13. fxe5 Nxh4 14. Nf6+ Kh8 15.
Bxc6 bxc6 16. Bg5 Ng2+ 17. Kd2 Qe7 18. e3 Bxf6 19. Bxf6+ Rxf6 20. exf6 Qxf6 21.
Ne4 Qe5 22. Qb3 d5 23. Qc3 d4 24. exd4 cxd4 25. Qa3 Qf4+ 26. Kc2 Bg4 27. Qc5
Rf8 28. Qxd4+ Kh7 29. Rag1 Bf3 30. Rh3 Bxe4 31. dxe4 Qxf2+ 32. Qxf2 Rxf2+ 33.
Kb3 Nf4 34. Re3 Ne6 35. Rd1 1/2-1/2

[Event "19th Open A"]
[Site "Zadar"]
[Date "2012.12.18"]
[Round "4.6"]
[White "Martinovic, Sasa"]
[Black "Predojevic, Borki"]
[Result "1/2-1/2"]
[WhiteElo "2530"]
[BlackElo "2600"]
[PlyCount "72"]
[EventDate "2012.12.16"]
[EventRounds "9"]
[EventCountry "CRO"]
[Source "crochess.com"]
[SourceDate "2012.12.22"]

1. d4 Nf6 2. c4 e6 3. Nc3 Bb4 4. g3 c5 5. Nf3 Bxc3+ 6. bxc3 Qa5 7. Bg2 Qxc3+ 8.
Bd2 Qxc4 9. dxc5 Nc6 10. Rc1 Qxa2 11. O-O O-O 12. Bf4 b6 13. Bd6 Re8 14. Ra1
Qd5 15. Nd4 Qxd4 16. Qxd4 Nxd4 17. Bxa8 Nxe2+ 18. Kg2 Nc3 19. Rxa7 Nb5 20. cxb6
Nxd6 21. Rc1 Kf8 22. b7 Bxb7+ 23. Bxb7 Nxb7 24. Rxb7 Ra8 25. Rcc7 Ra5 26. Ra7
Rd5 27. Ra8+ Ke7 28. Rca7 h5 29. Ra5 Rd2 30. Ra2 Rxa2 31. Rxa2 g5 32. h3 e5 33.
f4 gxf4 34. gxf4 d6 35. fxe5 dxe5 36. Ra6 Nd5 1/2-1/2

[Event "19th Open A"]
[Site "Zadar"]
[Date "2012.12.18"]
[Round "4.10"]
[White "Cebalo, Miso"]
[Black "Jakic, Ivan"]
[Result "1-0"]
[WhiteElo "2402"]
[BlackElo "2415"]
[PlyCount "59"]
[EventDate "2012.12.16"]
[EventRounds "9"]
[EventCountry "CRO"]
[Source "crochess.com"]
[SourceDate "2012.12.22"]

1. c4 Nf6 2. g3 e5 3. Bg2 d5 4. cxd5 Nxd5 5. Nc3 Nb6 6. Nf3 Nc6 7. O-O Be7 8.
a3 O-O 9. b4 Be6 10. Rb1 f6 11. d3 Nd4 12. Nd2 c6 13. Nde4 Rf7 14. e3 Nb5 15.
Qc2 Bf8 16. Bb2 Rd7 17. Rfd1 Nxc3 18. Bxc3 Nd5 19. Bb2 a5 20. Nc5 Bxc5 21. bxc5
a4 22. d4 exd4 23. Rxd4 Qe7 24. Rc1 Nc7 25. Rxa4 Rxa4 26. Qxa4 Rd2 27. Qb4 Qd7
28. Bd4 Ra2 29. Qxb7 Rxa3 30. Bxc6 1-0

[Event "19th Open A"]
[Site "Zadar"]
[Date "2012.12.18"]
[Round "4.12"]
[White "Schachinger, Mario"]
[Black "Jakovljevic, Vlado"]
[Result "1-0"]
[WhiteElo "2426"]
[BlackElo "2404"]
[PlyCount "103"]
[EventDate "2012.12.16"]
[EventRounds "9"]
[EventCountry "CRO"]
[Source "crochess.com"]
[SourceDate "2012.12.22"]

1. Nf3 Nf6 2. g3 g6 3. b3 Bg7 4. Bb2 c5 5. c4 O-O 6. Bg2 Nc6 7. O-O Qa5 8. Ne5
Nxe5 9. Bxe5 d6 10. Bc3 Qc7 11. d4 Rb8 12. Nd2 cxd4 13. Bxd4 b6 14. Re1 Bb7 15.
e4 Nd7 16. Bxg7 Kxg7 17. Nf1 Nf6 18. Ne3 e6 19. Qd4 e5 20. Qd3 Rbd8 21. Rac1
Nd7 22. Nd5 Qb8 23. b4 Nf6 24. Qd2 Nxd5 25. cxd5 Bc8 26. Qc3 Bd7 27. Qc7 a5 28.
bxa5 bxa5 29. Qxa5 Qa8 30. Qb4 Be8 31. a3 Qa7 32. Bh3 f5 33. exf5 gxf5 34. Rc3
Bg6 35. Rec1 Rf7 36. Rc6 Qe7 37. Qc3 Kh6 38. a4 Qf6 39. a5 f4 40. Qd2 Kg7 41.
Rc7 fxg3 42. hxg3 Rdf8 43. Be6 Rxc7 44. Rxc7+ Kh8 45. Qe3 Bd3 46. Rc8 Rxc8 47.
Bxc8 e4 48. Qc1 Bb5 49. a6 e3 50. Qxe3 Bxa6 51. Bxa6 Qa1+ 52. Bf1 1-0

[Event "19th Open A"]
[Site "Zadar"]
[Date "2012.12.18"]
[Round "4.13"]
[White "Petrusic, Toni"]
[Black "Mazi, Leon"]
[Result "1/2-1/2"]
[WhiteElo "2246"]
[BlackElo "2351"]
[PlyCount "70"]
[EventDate "2012.12.16"]
[EventRounds "9"]
[EventCountry "CRO"]
[Source "crochess.com"]
[SourceDate "2012.12.22"]

1. e4 c5 2. Ne2 Nc6 3. g3 Nf6 4. Bg2 g6 5. O-O Bg7 6. c3 O-O 7. d4 d6 8. h3 e5
9. Be3 b6 10. f4 cxd4 11. cxd4 Ba6 12. fxe5 dxe5 13. d5 Nd4 14. Nbc3 Ne8 15.
Rf2 Nxe2+ 16. Nxe2 Nd6 17. g4 Qh4 18. Qa4 Bb7 19. Raf1 Rfd8 20. Nc3 Bc8 21.
Bxb6 axb6 22. Qxa8 Bh6 23. Rf6 Be3+ 24. Kh1 Nf5 25. exf5 Qxf6 26. Ne4 Qh4 27.
fxg6 hxg6 28. Nf6+ Kg7 29. Qc6 Bf4 30. Ne8+ Kf8 31. Qf6 Qg3 32. Rxf4 exf4 33.
Qxd8 Qe1+ 34. Kh2 Qg3+ 35. Kh1 Qe1+ 1/2-1/2

[Event "19th Open A"]
[Site "Zadar"]
[Date "2012.12.18"]
[Round "4.16"]
[White "Kurajica, Bojan"]
[Black "Ivic, Mateo"]
[Result "1-0"]
[WhiteElo "2565"]
[BlackElo "2285"]
[PlyCount "47"]
[EventDate "2012.12.16"]
[EventRounds "9"]
[EventCountry "CRO"]
[Source "crochess.com"]
[SourceDate "2012.12.22"]

1. Nf3 Nf6 2. d4 g6 3. g3 Bg7 4. Bg2 O-O 5. O-O d6 6. c4 c5 7. b3 Nc6 8. Bb2
Ne4 9. e3 Bg4 10. Qc1 d5 11. cxd5 Nb4 12. Ne1 Nf6 13. f3 Bd7 14. e4 cxd4 15.
Qd2 a5 16. Bxd4 Bb5 17. Rf2 Rc8 18. Nc3 Be8 19. Rd1 Qc7 20. a3 Na6 21. e5 Nd7
22. d6 exd6 23. Nd5 Qd8 24. exd6 1-0

[Event "19th Open A"]
[Site "Zadar"]
[Date "2012.12.19"]
[Round "5.3"]
[White "Saric, Ivan"]
[Black "Jovanic, Ognjen"]
[Result "1/2-1/2"]
[WhiteElo "2626"]
[BlackElo "2583"]
[PlyCount "56"]
[EventDate "2012.12.16"]
[EventRounds "9"]
[EventCountry "CRO"]
[Source "crochess.com"]
[SourceDate "2012.12.22"]

1. e4 e5 2. Nf3 Nc6 3. Bb5 Nf6 4. O-O Nxe4 5. d4 Nd6 6. Bxc6 dxc6 7. dxe5 Nf5
8. Qxd8+ Kxd8 9. Nc3 Ke8 10. h3 h5 11. Bf4 Be7 12. Rad1 Be6 13. b3 h4 14. Ne4
Rd8 15. Rxd8+ Kxd8 16. Neg5 Rh6 17. Nxe6+ Rxe6 18. Ng5 Bxg5 19. Bxg5+ Kc8 20.
Rd1 Re8 21. Kf1 b6 22. Re1 Kd7 23. Rd1+ Ke6 24. Bd8 c5 25. Bxc7 Rc8 26. Bd8
Kxe5 27. Bg5 f6 28. Be3 Nxe3+ 1/2-1/2

[Event "19th Open A"]
[Site "Zadar"]
[Date "2012.12.19"]
[Round "5.4"]
[White "Stevic, Hrvoje"]
[Black "Cebalo, Miso"]
[Result "1/2-1/2"]
[WhiteElo "2622"]
[BlackElo "2402"]
[PlyCount "99"]
[EventDate "2012.12.16"]
[EventRounds "9"]
[EventCountry "CRO"]
[Source "crochess.com"]
[SourceDate "2012.12.22"]

1. e4 c5 2. c3 d5 3. exd5 Qxd5 4. d4 g6 5. Nf3 Bg7 6. Na3 Nf6 7. Bc4 Qe4+ 8.
Be3 O-O 9. O-O cxd4 10. Bxd4 Nc6 11. Re1 Qf5 12. Be5 Qh5 13. h3 a6 14. Nc2 b5
15. Bf1 Bb7 16. Ncd4 Rfd8 17. a4 Nxd4 18. Nxd4 Qxd1 19. Rexd1 bxa4 20. Rxa4 Ne4
21. Bxg7 Kxg7 22. Re1 e6 23. Ra5 Rd6 24. Rea1 Rb8 25. R1a4 Bd5 26. c4 Bc6 27.
Nxc6 Rxc6 28. b4 Rd6 29. b5 axb5 30. cxb5 Nd2 31. Be2 Rc8 32. Ra6 Rc1+ 33. Kh2
Rd5 34. Ra1 Rc8 35. R6a2 Nb3 36. Rb1 Nc1 37. Rab2 Nxe2 38. Rxe2 Rb8 39. b6 Rb7
40. g4 h5 41. Kg3 hxg4 42. hxg4 Kf6 43. Re3 g5 44. Ra3 Ke7 45. f4 Rd6 46. Rab3
gxf4+ 47. Kxf4 Rd4+ 48. Kg3 f5 49. gxf5 exf5 50. Rh1 1/2-1/2

[Event "19th Open A"]
[Site "Zadar"]
[Date "2012.12.19"]
[Round "5.8"]
[White "Kadric, Denis"]
[Black "Martinovic, Sasa"]
[Result "1/2-1/2"]
[WhiteElo "2458"]
[BlackElo "2530"]
[PlyCount "166"]
[EventDate "2012.12.16"]
[EventRounds "9"]
[EventCountry "CRO"]
[Source "crochess.com"]
[SourceDate "2012.12.22"]

1. d3 g6 2. g3 Bg7 3. Bg2 d5 4. Nd2 Nf6 5. e4 O-O 6. Ngf3 c5 7. O-O Nc6 8. c3
e5 9. Re1 h6 10. Qb3 dxe4 11. dxe4 Qc7 12. Qc2 Be6 13. Bf1 a6 14. b3 Rfd8 15.
Bc4 Bg4 16. Bb2 b5 17. Be2 Rac8 18. Nf1 Qb6 19. Ne3 Be6 20. Nd2 h5 21. Bf1 Bh6
22. Bg2 c4 23. bxc4 Ng4 24. Ndf1 Nxe3 25. Nxe3 Bxe3 26. Rxe3 Na5 27. cxb5 Nc4
28. Re2 Bg4 29. Bc1 Bxe2 30. Qxe2 axb5 31. Bh3 Rc6 32. Kg2 Rcd6 33. Rb1 Qc6 34.
Rb4 Rd1 35. a4 Rxc1 36. axb5 Qf6 37. Rxc4 Rdd1 38. Bc8 Re1 39. Rc6 Qxc6 40.
Qxe1 Qxc3 41. Qxc3 Rxc3 42. Bd7 Rb3 43. f4 exf4 44. gxf4 Kf8 45. h4 Ke7 46. Bc6
Rc3 47. Bd5 Rc2+ 48. Kf3 Rb2 49. Bc6 Rb3+ 50. Kg2 Rb1 51. Kf3 Rb4 52. Kg3 Rc4
53. Bd5 Rb4 54. Bc6 f6 55. Kf3 Rb3+ 56. Kg2 Rb1 57. Kf3 Kf7 58. Bd5+ Ke7 59.
Bc6 Rb3+ 60. Kg2 Rb1 61. Kf3 Kf8 62. Ke3 Rb4 63. Kf3 Rb3+ 64. Kg2 Kg7 65. Bd7
Kh6 66. Kf2 g5 67. e5 fxe5 68. hxg5+ Kg6 69. fxe5 Kxg5 70. e6 Kf6 71. Kg2 h4
72. Kh2 Re3 73. Bc8 Rc3 74. Bd7 Rg3 75. Bc8 Rb3 76. Bd7 Ke7 77. Kg2 Re3 78. Kh2
Rc3 79. Kg2 Rb3 80. Kh2 h3 81. b6 Rxb6 82. Kxh3 Rxe6 83. Bxe6 Kxe6 1/2-1/2

[Event "19th Open A"]
[Site "Zadar"]
[Date "2012.12.19"]
[Round "5.10"]
[White "Rezan, Sasa"]
[Black "Kreisl, Robert"]
[Result "1/2-1/2"]
[WhiteElo "2436"]
[BlackElo "2419"]
[PlyCount "50"]
[EventDate "2012.12.16"]
[EventRounds "9"]
[EventCountry "CRO"]
[Source "crochess.com"]
[SourceDate "2012.12.22"]

1. d4 d5 2. c4 c6 3. cxd5 cxd5 4. Nf3 Nf6 5. Nc3 Nc6 6. Bf4 Ne4 7. e3 Nxc3 8.
bxc3 e6 9. Bd3 Bd6 10. Bxd6 Qxd6 11. O-O O-O 12. e4 dxe4 13. Bxe4 g6 14. Qd2
Kg7 15. Rfe1 Bd7 16. c4 b6 17. Rad1 Rad8 18. Qc3 Qb4 19. Qa1 Na5 20. d5+ f6 21.
dxe6 Bxe6 22. Bd5 Bg4 23. Nd4 Rfe8 24. Rxe8 Rxe8 25. Rc1 Bd7 1/2-1/2

[Event "19th Open A"]
[Site "Zadar"]
[Date "2012.12.19"]
[Round "5.12"]
[White "Piskur, Mitja"]
[Black "Kurajica, Bojan"]
[Result "1/2-1/2"]
[WhiteElo "2322"]
[BlackElo "2565"]
[PlyCount "59"]
[EventDate "2012.12.16"]
[EventRounds "9"]
[EventCountry "CRO"]
[Source "crochess.com"]
[SourceDate "2012.12.22"]

1. e4 c5 2. Nf3 Nc6 3. d3 d6 4. g3 g6 5. Bg2 Bg7 6. O-O e5 7. Nc3 Nge7 8. Nd2
h5 9. Nc4 Bg4 10. f3 Be6 11. Ne3 h4 12. Ncd5 hxg3 13. hxg3 Qd7 14. c3 Bh3 15.
Rf2 Bxg2 16. Rxg2 O-O-O 17. Qa4 Kb8 18. Nxe7 Nxe7 19. Qxd7 Rxd7 20. Nd5 Nxd5
21. exd5 f5 22. Rh2 Rxh2 23. Kxh2 Bf6 24. Bd2 Rh7+ 25. Kg2 Kc7 26. Rh1 Rxh1 27.
Kxh1 b5 28. b3 a6 29. c4 b4 30. Kg2 1/2-1/2

[Event "19th Open A"]
[Site "Zadar"]
[Date "2012.12.19"]
[Round "5.13"]
[White "Zelic, Mladen"]
[Black "Jakic, Ivan"]
[Result "0-1"]
[WhiteElo "2291"]
[BlackElo "2415"]
[PlyCount "73"]
[EventDate "2012.12.16"]
[EventRounds "9"]
[EventCountry "CRO"]
[Source "crochess.com"]
[SourceDate "2012.12.22"]

1. e4 c5 2. d4 cxd4 3. c3 dxc3 4. Nxc3 e6 5. Nf3 a6 6. Bc4 b5 7. Bb3 Bb7 8. O-O
d6 9. Qe2 Nd7 10. Rd1 Ngf6 11. Bf4 b4 12. Na4 Nxe4 13. Nd2 Ndf6 14. Nc4 d5 15.
Rac1 Be7 16. Ncb6 O-O 17. Nxa8 Qxa8 18. Qe3 Ng4 19. Qb6 Ngxf2 20. Rf1 Bd8 21.
Bc7 Bg5 22. Rce1 Nd3 23. Rd1 Ndc5 24. Rf3 Be7 25. Qxb4 a5 26. Qe1 Nxa4 27. Bxa4
Qa7+ 28. Kh1 Bb4 29. Qh4 Ba6 30. Be5 Be2 31. Rg1 f6 32. Bc2 g5 33. Qh3 Bxf3 34.
Qxe6+ Qf7 35. gxf3 Nf2+ 36. Kg2 fxe5 37. Kxf2 0-1

[Event "19th Open A"]
[Site "Zadar"]
[Date "2012.12.19"]
[Round "5.14"]
[White "Jakovljevic, Vlado"]
[Black "Petrusic, Toni"]
[Result "1/2-1/2"]
[WhiteElo "2404"]
[BlackElo "2246"]
[PlyCount "112"]
[EventDate "2012.12.16"]
[EventRounds "9"]
[EventCountry "CRO"]
[Source "crochess.com"]
[SourceDate "2012.12.22"]

1. Nf3 d5 2. d4 e6 3. c4 Nf6 4. Nc3 Be7 5. Bg5 O-O 6. e3 h6 7. Bh4 b6 8. Be2
Bb7 9. Bxf6 Bxf6 10. cxd5 exd5 11. b4 c5 12. bxc5 bxc5 13. Rb1 Ba6 14. Bxa6
Nxa6 15. O-O cxd4 16. Nxd4 Qd7 17. Qd2 Rfd8 18. Rfd1 Nc7 19. Nce2 Ne6 20. Qa5
Rab8 21. Rb3 Nxd4 22. Nxd4 Bxd4 23. Rxd4 Rxb3 24. axb3 Ra8 25. g3 Qf5 26. Qxd5
Qxd5 27. Rxd5 Rb8 28. Ra5 Rxb3 29. Rxa7 Rb4 30. Kg2 g6 31. Kf3 Kg7 32. g4 Rb5
33. h4 Rb1 34. Ra5 Rh1 35. h5 g5 36. Ke4 Rb1 37. Kf5 Rb2 38. f4 gxf4 39. exf4
Rf2 40. Ra6 Rb2 41. Ra5 Rf2 42. Ra6 Rb2 43. g5 Rb5+ 44. Kg4 hxg5 45. h6+ Kh7
46. f5 Rb4+ 47. Kxg5 Rb7 48. Ra8 Rc7 49. Rf8 Ra7 50. Kf6 Ra6+ 51. Kxf7 Kxh6 52.
f6 Ra7+ 53. Kg8 Kg6 54. f7 Rb7 55. Rc8 Rxf7 56. Rc6+ Rf6 1/2-1/2

[Event "19th Open A"]
[Site "Zadar"]
[Date "2012.12.19"]
[Round "5.15"]
[White "Paljusaj, Edmond"]
[Black "Mazi, Leon"]
[Result "0-1"]
[WhiteElo "2323"]
[BlackElo "2351"]
[PlyCount "90"]
[EventDate "2012.12.16"]
[EventRounds "9"]
[EventCountry "CRO"]
[Source "crochess.com"]
[SourceDate "2012.12.22"]

1. e4 c5 2. Nf3 d6 3. d4 cxd4 4. Nxd4 Nf6 5. Nc3 a6 6. f4 e5 7. Nf3 Nbd7 8. a4
Qc7 9. Bd3 Be7 10. O-O exf4 11. Kh1 Ne5 12. Bxf4 O-O 13. Bg5 Be6 14. Nxe5 dxe5
15. Bxf6 Bxf6 16. Nd5 Bxd5 17. exd5 Be7 18. a5 g6 19. g4 Rad8 20. Qf3 Bb4 21.
Ra4 Bxa5 22. g5 Bd2 23. Rg4 Bf4 24. h4 Rd6 25. c4 b5 26. b3 bxc4 27. bxc4 Rb8
28. Rg2 Rb3 29. Qe2 Qd7 30. Rf3 Qc8 31. Qc2 Rb4 32. h5 Qc5 33. Qc3 Rxd5 34.
Rxf4 exf4 35. h6 Rd4 36. Re2 Rb8 37. Re4 Rbd8 38. Rxf4 f6 39. Be4 Rd1+ 40. Kh2
Qxg5 41. Qxf6 R8d2+ 42. Kh3 Qxh6+ 43. Rh4 Qe3+ 44. Bf3 Rh1+ 45. Kg3 Qf2+ 0-1

[Event "19th Open A"]
[Site "Zadar"]
[Date "2012.12.19"]
[Round "5.16"]
[White "Vlahov, Davor"]
[Black "Ciganovic, Nikola"]
[Result "1-0"]
[WhiteElo "2228"]
[BlackElo "2303"]
[PlyCount "121"]
[EventDate "2012.12.16"]
[EventRounds "9"]
[EventCountry "CRO"]
[Source "crochess.com"]
[SourceDate "2012.12.22"]

1. Nf3 Nf6 2. d4 g6 3. b3 Bg7 4. Bb2 O-O 5. e3 d6 6. Be2 c5 7. O-O b6 8. c4 e6
9. Nc3 a6 10. dxc5 bxc5 11. Qc2 Bb7 12. Rfd1 Qc7 13. Nd2 Nc6 14. Bf3 Nb4 15.
Qb1 Bxf3 16. Nxf3 Rfd8 17. Nd2 d5 18. a3 Nc6 19. cxd5 exd5 20. Na4 Ng4 21. Nf1
c4 22. Bxg7 Kxg7 23. bxc4 Qa5 24. Qc2 dxc4 25. Qxc4 Nce5 26. Qb4 Qxb4 27. axb4
Nc6 28. Nc5 Rxd1 29. Rxd1 Nf6 30. Nxa6 Rxa6 31. b5 Rb6 32. bxc6 Rxc6 33. Ng3 h5
34. f3 Rc2 35. h4 Rc4 36. e4 Nh7 37. Rd6 Nf8 38. Ne2 Ne6 39. Kf2 Rc2 40. Ke3
Rb2 41. g3 Rb3+ 42. Rd3 Rb4 43. Nf4 Nxf4 44. Kxf4 Ra4 45. Rd7 Kf6 46. Rb7 Kg7
47. g4 hxg4 48. Kxg4 Rc4 49. h5 gxh5+ 50. Kxh5 Rc3 51. Kg4 Rc4 52. Kf5 Rc6 53.
e5 Ra6 54. f4 Kg8 55. Kg4 Ra4 56. Kg5 Ra5 57. Rd7 Ra1 58. Kf6 Rf1 59. f5 Rf2
60. Rd8+ Kh7 61. Rf8 1-0